| 000 | 00637nam a2200205Ia 4500 | ||
|---|---|---|---|
| 005 | 20260429112014.0 | ||
| 008 | 260429s9999||||xx |||||||||||||| ||und|| | ||
| 020 | _a9781032222714 | ||
| 041 | _aEnglish | ||
| 082 |
_a379.73 _bWIL |
||
| 100 | _aWilcock, Neil | ||
| 245 | 0 |
_aEducation, authority, and the critical citizen : _bdemocratic schooling and the disestablishment of education and state / _cNeil Wilcock |
|
| 250 | _a1st ed. | ||
| 260 |
_aNew Delhi : _bRoutledge, _c2024. |
||
| 300 | _a157 p.; pbk | ||
| 650 | _a Citizenship education | ||
| 650 | _a Educational philosophy | ||
| 650 | _aDemocratic education | ||
| 942 | _cTB | ||
| 999 |
_c51850 _d51850 |
||